| 000 | 00538nam a22001932 4500 | ||
|---|---|---|---|
| 001 | 0000001585 | ||
| 005 | 20151217155812.0 | ||
| 008 | 070323s xx 000 0 eng d | ||
| 020 |
_a0199280843 : _cGBP 18.99 |
||
| 040 |
_aKABU _cKABU |
||
| 050 | 0 |
_aHC800 _b.A1A37 2005 |
|
| 245 | 1 | 0 | _aAfrican development report 2005. |
| 260 |
_aOxford : _bOUP, _c2005. |
||
| 300 | _axvi, 271 p. | ||
| 651 | 0 |
_aAfrica _xEconomic conditions. _@0000150453 |
|
| 908 | _a070323 | ||
| 950 | _@1 | ||
| 999 |
_c12620 _d12620 |
||